Aportes de la lingüística sistémico-funcional para la enseñanza de la lectura y la escritura en la educación superior (Record no. 185593)
[ view plain ]
| 000 -CABECERA | |
|---|---|
| campo de control de longitud fija | 02118nab a2200277 a 4500 |
| 005 - FECHA Y HORA DE LA ÚLTIMA TRANSACCIÓN | |
| campo de control | 20210219162942.0 |
| 008 - ELEMENTOS DE LONGITUD FIJA--INFORMACIÓN GENERAL | |
| campo de control de longitud fija | 991125s1985 mx 000 0 spa u |
| 035 ## - NÚMERO DE CONTROL DEL SISTEMA | |
| Número de control de sistema | UPN01000213493 |
| 049 ## - COLECCIÓN | |
| Colección | ART |
| 100 1# - ASIENTO PRINCIPAL--NOMBRE PERSONAL | |
| Nombre de persona | Rojas García, Ilene |
| 100 1# - ASIENTO PRINCIPAL--NOMBRE PERSONAL | |
| Filiación | zellene7@gmail.com |
| 222 #0 - TÍTULO CLAVE | |
| Título clave | EDUCACION Y EDUCADORES |
| 245 00 - MENCIÓN DE TÍTULO | |
| Título | Aportes de la lingüística sistémico-funcional para la enseñanza de la lectura y la escritura en la educación superior |
| 260 ## - PUBLICACIÓN, DISTRIBUCIÓN, ETC. | |
| Lugar de publicación, distribución, etc. | Chía, Colombia |
| 300 ## - DESCRIPCIÓN FÍSICA | |
| Extensión | 185-204 |
| 362 0# - FECHAS DE PUBLICACIÓN Y/O DESIGNACIÓN SECUENCIAL | |
| Fecha de publicación y/o designación secuencial | 2016 Volumen 19, número 2, mayo-agosto |
| 520 3# - NOTA DE RESUMEN, ETC. | |
| Sumario, etc. | El objetivo del artículo es realizar una revisión al objeto y la metodología de la lingüística sistémico-funcional (SFL), en relación con su pertinencia como herramienta para el desarrollo de los procesos textuales en la educación superior. Para ello, se exploran de manera general los conceptos de género y registro, como nociones fundantes de la teoría sistémica, y se enfatiza en los usos sociales del lenguaje. Posteriormente, se reseñan las posibilidades de trabajo desde la pedagogía de género como campo de investigación permanente para mejorar el desempeño de los estudiantes a partir del conocimiento de la lengua en uso, de modo que sea posible democratizar el saber. Por último, se revisará la propuesta del grupo Prodeac como aplicación directa de la SFL en el contexto latinoamericano, señalando la conexión entre la gramática funcional y los procesos de comprensión y producción de textos académicos. La revisión pone de manifiesto la necesidad de abrir el campo de estudio de la SFL hacia el análisis de la multiplicidad y variedad de textos usados en los círculos académicos como aporte para una pedagogía de la lectura y la escritura en la universidad |
| 653 0# - TERMINO DE INDIZACION - NO CONTROLADO | |
| Término no controlado | EDUCACION SUPERIOR |
| 653 0# - TERMINO DE INDIZACION - NO CONTROLADO | |
| Término no controlado | LINGÜÍSTICA SISTEMICO-FUNCIONAL |
| 653 0# - TERMINO DE INDIZACION - NO CONTROLADO | |
| Término no controlado | LECTURA |
| 653 0# - TERMINO DE INDIZACION - NO CONTROLADO | |
| Término no controlado | ESCRITURA |
| 653 0# - TERMINO DE INDIZACION - NO CONTROLADO | |
| Término no controlado | ENSEÑANZA |
| 856 4# - LOCALIZACIÓN Y ACCESO ELECTRÓNICOS | |
| Identificador Uniforme del Recurso | <a href="http://www.redalyc.org/articulo.oa?id=83446681001">http://www.redalyc.org/articulo.oa?id=83446681001</a> |
| 856 4# - LOCALIZACIÓN Y ACCESO ELECTRÓNICOS | |
| Identificador Uniforme del Recurso | <a href="http://educacionyeducadores.unisabana.edu.co/index.php/eye/article/view/4831/4279">http://educacionyeducadores.unisabana.edu.co/index.php/eye/article/view/4831/4279</a> |
| 905 ## - TIPO DE MATERIAL | |
| Tipo de material | Articulo |
No items available.
